000 00550nam a2200205Ia 4500
005 20230821102519.0
008 131103s9999 xx 000 0 und d
020 _a1843312301
_cRs 1028.81
040 _aLoreto College
041 _aEnglish
082 _a914.21
_bJAC
100 _aJackson, Lee
245 2 _aA dictionary of Victorian London
_b An A-Z of the great Metropolis
_cLee Jackson
260 _aLondon
_bAnthem Press
_c2006
300 _a338p
650 _aLondon, UK
651 _aVictorian London
850 _aLCLIB
942 _cBK
999 _c36056
_d86535